000
00293nam a22001337a 4500
008
170508b xxu||||| |||| 00| 0 eng d
020
_a
9780155058392
041
_a
eng
080
_2
3RD
_a
34
100
_a
15
101
_a
SHJ
245
_a
JUDICIAL PROCESS
_c
NEUBAUER, D.W
942
_2
udc
_c
BK
999
_c
12946
_d
12946